Word Ladder: Clark Gable Films Quiz Stats

 Plays Quiz Updated Feb 22, 2019

Score 0/30 Timer 04:00
1 Play Today
Hint Word % Correct
Any of the 206 comprising your skeletonBONE
98.9%
Small room in a prisonCELL
98.2%
Batman portrayer ChristianBALE
97.7%
Performance by two singersDUET
97.1%
Passed awayDIED
96.9%
Long, often exaggerated storyTALE
96.9%
Experience an emotionFEEL
96.6%
____ with the [Rung 25] (1939)
Civil War drama starring Vivien Leigh as Scarlett O'Hara
⚬ GONE ⚬
96.5%
Provide food forFEED
96.4%
Moved downwardFELL
96.2%
Batman villain portrayed by Tom HardyBANE
95.8%
[Rung 1] with the ____ (1939)
Civil War drama starring Vivien Leigh as Scarlett O'Hara
⚬ WIND ⚬
95.7%
___ of the [Rung 24] (1935)
Adaption of Jack London's novel
⚬ CALL ⚬
95.4%
Atkins or South Beach, e.g.DIET
95.3%
The ____ Men (1955)
Western drama about cattle drivers featuring Cameron Mitchell
⚬ TALL ⚬
94.5%
Hint Word % Correct
A bird's forelimbWING
94%
Brave or noble actDEED
92.9%
An acorn or walnut, e.g.SEED
92.4%
[Rung 7] of the ___ (1935)
Adaption of Jack London's novel
⚬ WILD ⚬
91.1%
Santa's are titled Naughty and NiceLIST
90.8%
Nice, friendlyKIND
90.8%
The ____ and the Four Queens (1956)
Romantic thriller set in the aftermath of a heist
⚬ KING ⚬
90.5%
A passionate desire for somethingLUST
87%
Red ____ (1932)
Romantic drama set in Indochina featuring Jean Harlow
⚬ DUST ⚬
85.9%
Tie or fasten tightlyBIND
85.8%
Become limp; shrivelWILT
84.8%
A pleasant gentle accentLILT
83.9%
Run Silent, Run ____ (1958)
World War II drama featuring Burt Lancaster
⚬ DEEP ⚬
81.9%
Sink into (the ground)SEEP
79.7%
____ of Angels (1957)
Civil War flick featuring Yvonne De Carlo and Sidney Poitier
⚬ BAND ⚬
73.1%

Today's Daily Dose

Missing Word
Video Games (A-Z)

Get the Picture
Tom Hanks

You're not logged in!

Compare scores with friends on all Sporcle quizzes.
OR
Log In

Sporcle TV

Today on Sporcle TV


Watch our educational content, quiz creation guides, and fun videos on Sporcle TV.

Show Comments

Extras

Top Quizzes Today


Score Distribution

Your Account Isn't Verified!

In order to create a playlist on Sporcle, you need to verify the email address you used during registration. Go to your Sporcle Settings to finish the process.

Report this User

Report this user for behavior that violates our Community Guidelines.

Details: